| 000 | 00710nam a22002057a 4500 | ||
|---|---|---|---|
| 999 |
_c181264 _d181264 |
||
| 005 | 20210907103352.0 | ||
| 010 | _aB-741437 | ||
| 020 |
_a9780143332473 _c299.00 |
||
| 035 | _aB-741437 | ||
| 037 | _bGift | ||
| 082 | _a230 | ||
| 100 | _aPattanaik, Devdutt | ||
| 245 |
_aPashu: _banimal tales from Hindu mythology / _cby Devdutt Pattanaik |
||
| 260 |
_aGurgaon _bPuffin Books _c2014 |
||
| 270 |
_a7th Floor, Infinity Tower C, DLF Cyber City, _bGurgaon _e122002 |
||
| 300 |
_a165p.: _c20cm(pbk) _bill. |
||
| 710 | _a | ||
| 942 |
_2ddc _cCH _h230 _mPAT |
||